Best Selling Book Series Quiz Stats

 Plays Quiz not verified by Sporcle

Score 0/22 Timer 07:00
0 Plays Today
Author Book series % Correct
J.K RowlingHarry Potter
98.9%
R.L StineGoosebumps
73.4%
Stephenie MeyerTwilight Saga
69.1%
C.S LewisThe Chronicles of Narnia
61.7%
Stan and Jan BerenstainBerenstain Bears
48.9%
Ian FlemingJames Bond
43.6%
Beatrix PotterPeter Rabbit
40.4%
various authors as Carolyn KeeneNancy Drew
26.6%
Ann Martin The Baby-sitters Club
18.1%
various authors- sci-fiStar Wars
16%
Enid BlytonNoddy
10.6%
Author Book series % Correct
Erle Stanley GardnerPerry Mason
9.6%
Roger Hargreaves, Aaron HargreavesMr. Men
8.5%
Rev. W. Awdry and Christopher AwdryThe Railway Series
7.4%
Francine Pascal Sweet Valley High
6.4%
Jack Canfield, Mark Victor HansenChicken Soup for the Soul
5.3%
Clive CusslerDirk Pitt
5.3%
Norman BridwellClifford the Big Red Dog
4.3%
various authors-adventureChoose Your Own Adventure
3.2%
various authors- historical fictionAmerican Girl
3.2%
Gilbert PattenFrank Merriwell
2.1%
Eiji YoshikawaMushashi ( Japanese)
2.1%

You're not logged in!

Compare scores with friends on all Sporcle quizzes.
OR
Log In

Show Comments

Extras

Top Quizzes Today


Score Distribution

Your Account Isn't Verified!

In order to create a playlist on Sporcle, you need to verify the email address you used during registration. Go to your Sporcle Settings to finish the process.

Report this User

Report this user for behavior that violates our Community Guidelines.

Details: